| 000 | 00474nam a2200169 a 4500 | ||
|---|---|---|---|
| 005 | 20140412111314.0 | ||
| 008 | 010320s19uu xx 00 eng d | ||
| 020 | _a1-56144-717-X | ||
| 050 |
_aER _bMo71An 1996 |
||
| 245 |
_aMother Goose's animal farm / _cillustrated by Tammie Speer-Lyon. |
||
| 260 |
_aNew York : _bModern Publishing, _c1996. |
||
| 300 | _a1 v. (unp.) ; ill. | ||
| 440 | _aRead-A-Rhyme | ||
| 650 | _aRhymes | ||
| 650 | _aAnimal rhymes | ||
| 999 |
_c104142 _d104142 |
||